| 000 | 00794nam a22002177a 4500 | ||
|---|---|---|---|
| 003 | NUST-PNEC | ||
| 005 | 20170116181127.0 | ||
| 008 | 140507b xxu||||| |||| 00| 0 eng d | ||
| 020 | _a 8131724255 | ||
| 020 | _a9788131724255 | ||
| 040 | _cPNEC | ||
| 082 | _a658.403 TUR | ||
| 100 |
_990 _aTurban, Efraim |
||
| 245 |
_aDecision Support and Business Intelligence Systems _cEfraim Turban |
||
| 250 | _a8th ed. | ||
| 260 |
_aNew Dehli _bPearson International Edition _cc.2007. |
||
| 300 |
_axxviii, 772 p. : _bill. : _c25 cm. |
||
| 500 | _aIncludes Index http://www.amazon.com/Decision-Support-Business-Intelligence-International/dp/B001KQSM26/ref=sr_1_1?s=books&ie=UTF8&qid=1399461100&sr=1-1&keywords=9788131724255 | ||
| 650 |
_xMIS _913742 _aManagement, Data Processing |
||
| 942 |
_2ddc _cBK |
||
| 999 |
_c69803 _d69803 |
||